| 000 | 01364cad a22002175a 4500 | ||
|---|---|---|---|
| 001 | L152940 | ||
| 008 | 110517e20110412xxkd f s f000 0 eng d | ||
| 020 | _a9781409829027 | ||
| 035 | _a(Sirsi) u152940 | ||
| 041 | 0 | _aeng | |
| 110 | 1 |
_aUnited Kingdom _bDepartment for Communities and Local Government _94939 |
|
| 245 | 0 | 0 |
_aComparing primary and secondary terms analysis and re-normalisation (PStar) test and co-heating test results _bfinal report _h[electronic resource] |
| 260 |
_aLondon _bDCLG _c2011 |
||
| 520 | _aThe project 'PStar Comparison Project' was carried out under the DCLG framework contract with FMNectar. The purpose of the project was to compare the results of the PStar method (Primary and Secondary Terms Analysis and Re-normalisation) of determining the heat loss co-efficient of a house with the co-heating tests as carried out by Leeds Metropolitan University. The project's aim was to investigate the potential for a short-term energy monitoring test to be used as a compliance check for Part L of the Building Regulations. | ||
| 521 | _aAdvanced | ||
| 590 | _aKA | ||
| 651 | 4 |
_aUnited Kingdom _y |
|
| 690 | _aENVIRONMENTAL AND LAND CONSULTANCY-ENERGY-ENERGY USE-ENERGY EFFICIENCY | ||
| 856 | 4 | 0 |
_uhttps://www.communities.gov.uk/documents/corporate/pdf/1898592.pdf _zView this item free of charge at www.communities.gov.uk |
| 942 | _n0 | ||
| 999 |
_c112282 _d112282 |
||